书目信息 |
| 题名: |
魏碑楷书章法教程
|
|
| 作者: | 弓超 , 杨再春 著 | |
| 分册: | ||
| 出版信息: | 北京 北京体育大学出版社 2003 |
|
| 页数: | 124页 | |
| 开本: | 26cm | |
| 丛书名: | ||
| 单 册: | ||
| 中图分类: | J292.113.3 | |
| 科图分类: | ||
| 主题词: | 楷书--书法--中国--教材 , 楷书 | |
| 电子资源: | ||
| ISBN: | 7-81051-889-5 | |
| 000 | 00678nam0 2200229 450 | |
| 001 | 002298628 | |
| 005 | 20061112152044.09 | |
| 010 | @a7-81051-889-5@dCNY16.00 | |
| 100 | @a20030210d2003 em y0chiy0110 ea | |
| 101 | 0 | @achi |
| 102 | @aCN@b110000 | |
| 105 | @aa z 000yy | |
| 200 | 1 | @a魏碑楷书章法教程@9wei bei kai shu zhang fa jiao cheng@f弓超,杨再春著 |
| 210 | @a北京@c北京体育大学出版社@d2003 | |
| 215 | @a124页@c照片@d26cm | |
| 606 | 0 | @a楷书@x书法@y中国@j教材 |
| 606 | 0 | @a楷书 |
| 690 | @aJ292.113.3@v4 | |
| 701 | 0 | @a弓超@9gong chao@f(1956.2~)@4著 |
| 701 | 0 | @a杨再春@9yang zai chun@f(1943.8~)@4著 |
| 801 | 0 | @aCN@bNLC@c20061112 |
| 905 | @a10447@dJ292.113.3@e414 | |
| 魏碑楷书章法教程/弓超,杨再春著.-北京:北京体育大学出版社,2003 |
| 124页:照片;26cm |
| ISBN 7-81051-889-5:CNY16.00 |
| ● |
| 相关链接 |
|
|
|
|
正题名:魏碑楷书章法教程
索取号:J292.113.3/414
 
预约/预借
| 序号 | 登录号 | 条形码 | 馆藏地/架位号 | 状态 | 备注 |
| 1 | 0383912 | 203839123 | 第一样本阅览室/ [索取号:J292.113.3/414] | 在馆 | |
| 2 | 0383913 | 203839132 | 第一借阅区/ [索取号:J292.113.3/414] | 在馆 | |
| 3 | 0383914 | 203839141 | 第一借阅区/ [索取号:J292.113.3/414] | 在馆 |